| 000 | 00472nam a2200169Ia 4500 | ||
|---|---|---|---|
| 001 | 9492 | ||
| 003 | GE_BSU | ||
| 008 | 181216s||||||||xx |||||||||||||| ||und|| | ||
| 040 | _cGE_BSU | ||
| 245 | _aInternational political science review. volume 34, number 5, november 2013 | ||
| 245 | _cGenaral Editors Marian Sawer and Mark Kesselman | ||
| 260 | _aNew Jersey | ||
| 260 | _c2013 | ||
| 300 | _a604 p.25cm. | ||
| 653 | _ainternational political science review | ||
| 942 | _cCR | ||
| 999 |
_c42786 _d42786 |
||